00401cam a2200157ua 45000010005000000080039000050400009000440820010000531000020000632450055000832500012001382600037001503000010001876530014001976530032002116038131106n ii |||gr||||Z||||||eng cMAIN a371.3 aDev,R,eAuthor. aContents and Methods of History Teachingcby R.Dev a1st ed. aGuwahati:bBasana Stores,c1967. a113p. aEducation aMethods of History Teaching